=LDR 00000nam 2200000 4500 =001 000859 =005 20250712092203 =035 ##$$a 0010-0725000734 =007 ta =008 250712################a##########0#ind## =020 ##$$a 978-623-307-975-4 =082 ##$$a 398.209 598 =084 ##$$a 398.209 598 JAI a =100 #$$a Jaiswal, 'Sanjay' Sanjiv =245 1#$$a Ayo, tersenyum manis! /$c Sanjiv Jaiswal 'Sanjay' =250 ##$$a Cetakan Pertama =260 ##$$a Jakarta :$b Badan pengembangan dan pembinaan bahasa,$c 2022 =300 ##$$a 20 hlm. : $b Ilus. ; $c 22, 9 cm =650 #4$$a Cerita anak indonesia-terjemahan =650 #4$$a Literasi-bahan bacaan